Juventud estudiantil: temáticas y líneas de investigación

Tallennettuna:
Bibliografiset tiedot
Päätekijä: Guzmán Gómez, Carlota
Yhteisötekijä: Universidad Nacional Autónoma de México. Centro Regional de Investigaciones Multidisciplinarias
Aineistotyyppi: Teksti
Julkaistu: Cuernavaca: UNAM
Aiheet:
Tagit: Lisää tagi
Ei tageja, Lisää ensimmäinen tagi!

MARC

LEADER 00000 a a2200000 04500
001 27021
003
040
090 |a 183600  
100 |a Guzmán Gómez, Carlota  
110 |a Universidad Nacional Autónoma de México. Centro Regional de Investigaciones Multidisciplinarias  
245 |a Juventud estudiantil: temáticas y líneas de investigación  
260 |a Cuernavaca:   |b UNAM  
300 |a 42 p.  
650 |a JUVENTUD  
650 |a TEORIA SOCIAL  
650 |a IDENTIDAD CULTURAL  
650 |a ANALISIS HISTORICO  
650 |a MOVIMIENTOS ESTUDIANTILES  
999 |c 14601  |d 14601